Can you pick the ways to measure a year, according to the song 'Seasons of Love' from 'Rent'? - Statistics

General Stats
  • This quiz has been taken 258 times
  • The average score is 8 of 12
Answer Stats
Answer % Correct
Cups of Coffee
90%
Inches
83%
Laughter
80%
Sunsets
80%
Miles
76%
Daylights
75%
Midnights
74%
Love
63%
Strife
62%
Minutes
43%
Moments so Dear
21%
Seasons of Love
13%
No matching quizzes found
Score Distribution
Percent of People with Each Score
Percentile by Number Answered
Your Score History
You have not taken this quiz